000 00300nam a2200121Ia 4500
005 20260328101457.0
008 260328s9999||||xx |||||||||||||| ||und||
100 _aCardona G., Ramiro
245 0 _aLa Ciudad de la Gente /
_cRamiro Cardona G.
260 _bAscofame
650 _aURBANISMO
942 _cBK
999 _c8869
_d8869